00812nam a2200157Ia 4500008004100000020001800041050001500059100004200074245008700116260003200203300002700235500013400262505019200396650003300588700003300621120625s1997 mx 000 0 spa d a978968240102214aLC191bJ551 aJíménez-Ottalengo, Reginaeautora10aSociología de la educaciónc/ Regina Jiménez Ottalengo y Lucina Moreno Valle3 aMéxicob: Trillasc, 1997 a179 páginasc; 23 cm aReimpresión: 2011 Incluye: Bibliografía (pp 169-170) Índice onomástico (pp. 171-172) Índice analítico (pp. 173-179) aLa educación en el pensamiento sociológico La educación como institución y como organización El entorno cognitivo cultural Entornos axiológicos, comunitarios y ecológicos10aSOCIOLOGIA DE LA EDUCACIÓN aMoreno Valle, Lucinaeautora